000 00491nam a22001817a 4500
999 _c526745
_d526745
003 NUST
005 20190716054232.0
008 190716b ||||| |||| 00| 0 eng d
038 _aFaiza
082 _a530.12
_bSTE
100 _aStephen W. Hocking
_917738
245 _aKainat ki Tarikh /
_cStephen W. Hocking
260 _aIslamabad:
_bMuqtadra Qumi Zuban,
_c2010.
300 _a212p. ;
500 _aHard Cover
880 _6245-02\r
_a /کائنات کی تاریخ
942 _2ddc
_cBK